El Poblado ibérico de Puig Castellar
Colección:
San Jorge,
; núm. 21 (gener 1956), pàg 104
Idioma:
Español
MARC
| LEADER | 00000naa a2200000 a 4500 | ||
|---|---|---|---|
| 003 | Arxiu | ||
| 005 | 20260324181508.0 | ||
| 008 | 160829s1956 spcaxx s spa c | ||
| 040 | |a AGDB | ||
| 245 | 0 | 3 | |a El Poblado ibérico de Puig Castellar |
| 490 | |a San Jorge, |v núm. 21 (gener 1956), pàg 104 | ||
| 650 | |a Ibers |x Catalunya |9 32445 | ||
| 651 | 0 | |9 54899 |a Puig Castellar (Santa Coloma de Gramenet : Jaciment arqueològic) | |
| 773 | |g núm. 21 (gener 1956), pàg 104 |t San Jorge. | ||
| 901 | |a Arxiu | ||
| 942 | |n 1 |2 udc |c ART | ||
| 952 | |0 0 |1 0 |4 0 |6 REV511 |7 1 |9 66136 |a Arxiu |b Arxiu |d 2023-04-17 |l 0 |o Rev-511 |r 2023-04-17 00:00:00 |w 2023-04-17 |y ARXIU |z També disponible a Rev-525 | ||
| 999 | |c 49051 |d 49051 | ||